000 00313nam a2200121Ia 4500
008 220217s9999||||xx |||||||||||||| ||und||
082 _a510 RAO
100 _aRao, Srinivasa
245 0 _aText book of mathematics
260 _aExelent publication
_bBangalore
_c2004
300 _b231
650 _aMATHEMATICS
999 _c173130
_d173130